| 000 | 00837nam a2200241 a 4500 | ||
|---|---|---|---|
| 999 |
_c2401 _d2401 |
||
| 001 | 2401 | ||
| 003 | BD-JhCC | ||
| 005 | 20171101213321.0 | ||
| 008 | 171101s1983 bg a|||| b||| 00| 0 mul d | ||
| 020 | _a9840735764 | ||
| 035 | _a(BD-JhCC)2401 | ||
| 040 |
_aBD-JhCC _dBD-JhCC |
||
| 041 | _aBengali and English | ||
| 082 |
_a891.4409 _bAHA 1983 |
||
| 100 | _aআহমদ, ওয়াকিল | ||
| 245 |
_aউনিশ শতকে বাঙালি মুসলমানের চিন্তা ও চেতনার ধারা / _cওয়াকিল আহমদ, |
||
| 260 |
_aঢাকা : _bবাংলা একাডেমী, _c1983. |
||
| 300 |
_a678 p. : _billus. , _c22 cm. |
||
| 504 | _aIncludes Bibliographical Reference. | ||
| 650 |
_aBengali Literature _y19th Century |
||
| 942 |
_2ddc _cBK |
||